[Event "Windsor NAYCC U10"]
[Site "Windsor"]
[Date "2016.08.10"]
[Round "6.135"]
[White "Yuan, Edison Yi"]
[Black "Xing, Blair"]
[Result "1-0"]
[WhiteElo "1666"]
[BlackElo "920"]
[PlyCount "87"]
[EventDate "2016.08.07"]
[EventType "swiss"]
[EventRounds "9"]
[EventCountry "CAN"]
[SourceTitle "EXT 2022"]
[Source "ChessBase"]
[SourceDate "2021.10.06"]
[SourceVersion "1"]
[SourceVersionDate "2021.10.06"]
[SourceQuality "1"]

1. e4 e5 2. Nf3 Nc6 3. d4 d6 4. dxe5 Bg4 5. exd6 Bxd6 6. Be2 Qe7 7. h3 Bxf3 8. Bxf3 0-0-0 9. Bd2 Be5 10. c3 Nb4 11. 0-0 Nf6 12. Qb3 Nc6 13. Bg5 h6 14. Bxf6 Qxf6 15. Na3 Qf4 16. Bg4+ Kb8 17. g3 Qf6 18. Nc4 Bd6 19. Nxd6 Rxd6 20. Rad1 Rhd8 21. Rxd6 Rxd6 22. Rd1 Rxd1+ 23. Qxd1 Qe5 24. Qf3 Qe7 25. Qf5 a6 26. Qd5 g6 27. Kg2 h5 28. Be2 f5 29. Bf3 fxe4 30. Bxe4 g5 31. Qf5 Qg7 32. Bxc6 bxc6 33. Qc5 Kb7 34. Qd4 Qf7 35. a3 Qb3 36. Qb4+ Qxb4 37. cxb4 Kc8 38. Kf3 Kd7 39. Ke4 Ke6 40. g4 h4 41. f4 gxf4 42. Kxf4 Kf6 43. g5+ Kg6 44. Kg4 1-0

[Event "Windsor NAYCC U10"]
[Site "Windsor"]
[Date "2016.08.08"]
[Round "2.143"]
[White "Singireddy, Ruthvik"]
[Black "Xing, Blair"]
[Result "1-0"]
[WhiteElo "1398"]
[BlackElo "920"]
[PlyCount "61"]
[EventDate "2016.08.07"]
[EventType "swiss"]
[EventRounds "9"]
[EventCountry "CAN"]
[SourceTitle "EXT 2022"]
[Source "ChessBase"]
[SourceDate "2021.10.06"]
[SourceVersion "1"]
[SourceVersionDate "2021.10.06"]
[SourceQuality "1"]

1. e4 e5 2. Nf3 Nc6 3. Bc4 Bc5 4. c3 Nf6 5. d4 Bd6 6. dxe5 Bxe5 7. Ng5 0-0 8. f4 h6 9. Nxf7 Rxf7 10. Bxf7+ Kxf7 11. fxe5 Nxe5 12. h3 c6 13. 0-0 d5 14. exd5 Qxd5 15. Qxd5+ cxd5 16. b3 b5 17. Na3 a6 18. Bd2 Kg8 19. Bxh6 Ne4 20. Bf4 Nd3 21. c4 bxc4 22. bxc4 dxc4 23. Nxc4 Ra7 24. Rad1 Be6 25. Rxd3 Bxc4 26. Rd8+ Kh7 27. Re1 Nf6 28. a3 Rd7 29. Rxd7 Nxd7 30. Re7 Nc5 31. Rc7 1-0

[Event "CAN-ch U10"]
[Site "Windsor"]
[Date "2016.07.08"]
[Round "7.93"]
[White "Fedyushchenko, Alexander"]
[Black "Xing, Blair"]
[Result "1-0"]
[WhiteElo "1136"]
[BlackElo "924"]
[PlyCount "37"]
[EventDate "2016.07.05"]
[EventType "swiss"]
[EventRounds "7"]
[EventCountry "CAN"]
[SourceTitle "EXT 2022"]
[Source "ChessBase"]
[SourceDate "2021.10.06"]
[SourceVersion "1"]
[SourceVersionDate "2021.10.06"]
[SourceQuality "1"]

1. e4 e5 2. Nf3 Nc6 3. d4 Nf6 4. Nxe5 Nxe5 5. dxe5 Nxe4 6. Bc4 Bc5 7. Bxf7+ Ke7 8. 0-0 Rf8 9. Qd5 Rxf7 10. Qxe4 Ke8 11. Qxh7 Qe7 12. Qh5 d6 13. exd6 Bxd6 14. Bd2 Qe5 15. Re1 Qxe1+ 16. Bxe1 Bf5 17. Qh8+ Bf8 18. Qh5 Bxc2 19. Nc3 1-0

[Event "CAN-ch U10"]
[Site "Windsor"]
[Date "2016.07.08"]
[Round "6.97"]
[White "Xing, Blair"]
[Black "Zaid, Daniyal"]
[Result "1-0"]
[WhiteElo "924"]
[BlackElo "584"]
[PlyCount "89"]
[EventDate "2016.07.05"]
[EventType "swiss"]
[EventRounds "7"]
[EventCountry "CAN"]
[SourceTitle "EXT 2022"]
[Source "ChessBase"]
[SourceDate "2021.10.06"]
[SourceVersion "1"]
[SourceVersionDate "2021.10.06"]
[SourceQuality "1"]

1. e4 e5 2. Nf3 Nc6 3. Nc3 Nf6 4. Bc4 Bc5 5. d3 h6 6. 0-0 d6 7. h3 0-0 8. Be3 Bd4 9. Qd2 Bxe3 10. fxe3 Re8 11. Nd5 Be6 12. Nh4 Nxd5 13. exd5 Qxh4 14. dxe6 fxe6 15. c3 d5 16. Bb3 Rf8 17. d4 Rxf1+ 18. Rxf1 exd4 19. exd4 Na5 20. Bc2 Nc4 21. Qd3 Qe4 22. Qxe4 dxe4 23. Bxe4 Nd2 24. Bxb7 Nxf1 25. Bxa8 Nd2 26. b3 Kf7 27. Kf2 Ne4+ 28. Bxe4 Kf6 29. a4 a5 30. b4 axb4 31. cxb4 Ke7 32. a5 Kd8 33. a6 Kc8 34. a7 Kd7 35. a8Q Kd6 36. Qc6+ Ke7 37. Qxc7+ Kf6 38. b5 g5 39. b6 g4 40. Qf4+ Ke7 41. hxg4 h5 42. b7 e5 43. Qxe5+ Kf7 44. b8R hxg4 45. Rb7+ 1-0